LEADER 01057cam0 2200289 450 001 E600200058422 005 20221004104052.0 100 $a20100115d1984 |||||ita|0103 ba 101 $aita 102 $aIT 200 1 $aSegmenti di antropologia filosofica$eHegel Marx Nietzsche$fCosimo Campanelli 210 $aNapoli$cEdizioni Athena$d1984 215 $a144 p.$d21 cm 225 2 $aProposte culturali$v4 410 1$1001LAEC00027957$12001 $a*Proposte culturali$v4 700 1$aCampanelli$b, Cosimo$3AF00005846$4070$0614740 801 0$aIT$bUNISOB$c20221004$gRICA 850 $aUNISOB 852 $aUNISOB$j100$m72378 852 $aUNISOB$j100$m89693 912 $aE600200058422 940 $aM 102 Monografia moderna SBN 941 $aM 957 $a100$b008135$gSi$d72378$racquisto$1pregresso2$2UNISOB$3UNISOB$420100115112008.0$520221004103806.0$6bethb 957 $a100$b008135$i-b$gSI$d89693$racquisto$1bethb$2UNISOB$3UNISOB$420221004103813.0$520221004104052.0$6bethb 996 $aSegmenti di antropologia filosofica$91088817 997 $aUNISOB